Central Library OPAC University of Rajshahi

Some aspects of medieval Gujarat / (Record no. 64227)

MARC details
000 -LEADER
fixed length control field 00629nam a2200217 a 4500
001 - CONTROL NUMBER
control field 64227
003 - CONTROL NUMBER IDENTIFIER
rucl marc code BD-RjUL
005 - DATE AND TIME OF LATEST TRANSACTION
control field 20211209081302.0
008 - FIXED-LENGTH DATA ELEMENTS--GENERAL INFORMATION
fixed length control field 170212s1968 ii b 001 0 eng d
035 ## - SYSTEM CONTROL NUMBER
System control number (BD-RjUL)64357
040 ## - CATALOGING SOURCE
Original cataloging agency BD-RjUL
Transcribing agency BD-RjUL
Modifying agency BD-RjUL
Language of cataloging eng
041 ## - LANGUAGE CODE
Language code of text/sound track or separate title eng
082 ## - DEWEY DECIMAL CLASSIFICATION NUMBER
Edition number 23
Classification number 954.5475
Author mark and year TIS 1968
100 1# - MAIN ENTRY--PERSONAL NAME
Personal name Tirmizi, S. A. I.,
Dates associated with a name 1924-
9 (RLIN) 190740
245 10 - TITLE STATEMENT
Title Some aspects of medieval Gujarat /
Statement of responsibility, etc. by S. A. I. Tirmizi.
260 ## - PUBLICATION, DISTRIBUTION, ETC. (IMPRINT)
Place of publication, distribution, etc. Delhi :
Name of publisher, distributor, etc. Munshiram Manhorlal,
Date of publication, distribution, etc. 1968
300 ## - PHYSICAL DESCRIPTION
Pagination xvi, 150 p ;
Size 23 cm.
500 ## - GENERAL NOTE
General note Includes index
651 #0 - SUBJECT ADDED ENTRY--GEOGRAPHIC NAME
Geographic name Gujarat (India)
General subdivision History.
9 (RLIN) 190741
942 ## - ADDED ENTRY ELEMENTS (KOHA)
Source of classification or shelving scheme Dewey Decimal Classification
Koha item type Books
Holdings
Lost status Source of classification or shelving scheme Damaged status Not for loan Collection code Permanent Location Current Location Shelving location Date acquired Source of acquisition Total Checkouts Full call number Date last seen Copy number Koha item type
  Dewey Decimal Classification   Not For Loan Non-fiction Central Library, University of Rajshahi Central Library, University of Rajshahi Reading Room 25/06/1974 India Govt.   954.5475 TIS 1968 12/02/2017 C-1 Books